11th ISM "Smart Growth Thru Smart Partnership" [ Official opening & Keynote Address

Bibliographic Details
Corporate Author: Institution of Surveyors Malaysia
Format: Book
Language:English
Published: Kuala Lumpur : Mutiara Crowne Plaza , 2009

MARC

LEADER 00000cam a2200000 7i4500
001 0000022435
005 20090928.0
008 090928 my v eng
040 |a INS 
090 0 0 |a VCD 1762 
245 0 0 |a 11th ISM "Smart Growth Thru Smart Partnership" [  |h video disc] :   |b Official opening & Keynote Address   |c by Y. Bhg Tun Dr. Mahathir Mohamad :   |b 18 June 2009 
260 |a Kuala Lumpur :   |b Mutiara Crowne Plaza ,   |c 2009 
300 |a 1 videodisc (70 min.) :   |b sd., col.. ;   |c 4 3/4 in. 
710 1 |a Institution of Surveyors Malaysia 
999 |a VCD0001762   |b VIDEO CD   |c Media Collection   |e Default branch